Loisirs par Emojis - Statistiques

Statistiques générales
  • Ce quiz a été pris 2 268 fois
  • Le résultat moyen est 8 sur 10
Statistiques - réponses
Emojis Livres % Correct
Lire
98%
Faire des puzzles
93%
Jouer aux jeux vidéo
89%
Peindre
87%
Jouer de la musique
85%
Tricoter
82%
Jardiner
81%
Jouer aux échecs
81%
Bricoler
80%
Faire du vélo
67%
Aucun quiz correspondant
Distribution des résultats
% des personnes avec chaque résultat
Percentile par nombre de réponses
Votre historique - résultats
Vous n’avez pas pris ce quiz